Industrial applications of titanium and zirconium : a symposium /

Bibliographic Details
Corporate Authors: ASTM Committee B-10 on Reactive and Refractory Metals and Alloys, Conference on Industrial Applications of Titanium and Zirconium
Other Authors: Kleefisch, E. W.
Format: Conference Proceeding Book
Language:English
Published: Philadelphia, Pa. (1916 Race St., Philadelphia 19103) : ASTM, 1981.
Series:ASTM special technical publication ; 728.
Subjects:

MARC

Tag First Indicator Second Indicator Subfields
LEADER 00000cam a2200000 a 4500
001 in00000631921
005 20151015054942.0
008 810727s1981 paua b 10100 eng
010 |a  80069065  
035 |a (OCoLC)07671268 
035 |9 ACU9862AM 
039 0 |a 2  |b 3  |c 3  |d 3  |e 3 
040 |a DLC  |c DLC  |d TXA  |d UtOrBLW 
049 |a TXAM  |c [985142] 
050 0 0 |a TA480.T54  |b I5 
082 0 |a 620.1/89322  |2 19 
245 0 0 |a Industrial applications of titanium and zirconium :  |b a symposium /  |c sponsored by ASTM Committee B-10 on Reactive and Refractory Metals and Alloys, American Society for Testing and Materials, New Orleans, La., 15-17 Oct. 1979 ; E.W Kleefisch, editor. 
264 1 |a Philadelphia, Pa. (1916 Race St., Philadelphia 19103) :  |b ASTM,  |c 1981. 
300 |a 208 pages :  |b illustrations ;  |c 24 cm. 
336 |a text  |b txt  |2 rdacontent 
337 |a unmediated  |b n  |2 rdamedia 
338 |a volume  |b nc  |2 rdacarrier 
490 1 |a ASTM special technical publication ;  |v 728 
500 |a Papers presented at the Conference on Industrial Applications of Titanium and Zirconium. 
504 |a Includes bibliographical references and index. 
650 0 |a Titanium  |v Congresses. 
650 0 |a Zirconium  |x Congresses. 
700 1 |a Kleefisch, E. W. 
710 2 |a ASTM Committee B-10 on Reactive and Refractory Metals and Alloys. 
711 2 |a Conference on Industrial Applications of Titanium and Zirconium  |d (1979 :  |c New Orleans, La.) 
830 0 |a ASTM special technical publication ;  |v 728. 
999 |a MARS 
999 f f |s 2f581d69-02a5-3866-9c11-b497031c2e08  |i fd9a1640-d9c3-38cd-8c54-49c6962d3e35  |t 0 
952 f f |p ric  |a Texas A&M University  |b Rellis Campus  |c Joint Library Facility  |d Remote Storage  |t 0  |e TA480.T54 I5  |h Library of Congress classification  |i unmediated -- volume  |m A14805327632 
998 f f |a TA480.T54 I5  |t 0  |l Remote Storage